<?xml version="1.0" encoding="UTF-8"?>
<record
    xmlns:xsi="http://www.w3.org/2001/XMLSchema-instance"
    xsi:schemaLocation="http://www.loc.gov/MARC21/slim http://www.loc.gov/standards/marcxml/schema/MARC21slim.xsd"
    xmlns="http://www.loc.gov/MARC21/slim">

  <leader>02076nam a2200313   4500</leader>
  <controlfield tag="001">189</controlfield>
  <controlfield tag="003">OSt</controlfield>
  <controlfield tag="005">20250528074014.0</controlfield>
  <controlfield tag="008">250131b        |||||||g |||| 00| 1 eng d</controlfield>
  <datafield tag="040" ind1=" " ind2=" ">
    <subfield code="b">por</subfield>
  </datafield>
  <datafield tag="041" ind1=" " ind2=" ">
    <subfield code="h">eng</subfield>
    <subfield code="a">por</subfield>
  </datafield>
  <datafield tag="082" ind1=" " ind2=" ">
    <subfield code="a">823</subfield>
    <subfield code="b">D314m</subfield>
  </datafield>
  <datafield tag="100" ind1="1" ind2=" ">
    <subfield code="a">Defoe, Daniel,</subfield>
    <subfield code="d">1661?-1731</subfield>
    <subfield code="9">347</subfield>
  </datafield>
  <datafield tag="240" ind1=" " ind2=" ">
    <subfield code="a">The fortunes and Misfortunes of the famous Moll Flanders</subfield>
  </datafield>
  <datafield tag="245" ind1=" " ind2=" ">
    <subfield code="a">Moll Flanders /</subfield>
    <subfield code="c">Defoe, Daniel ; Tradu&#xE7;&#xE3;o de Ant&#xF4;nio Alves Cury</subfield>
  </datafield>
  <datafield tag="260" ind1=" " ind2=" ">
    <subfield code="a">S&#xE3;o Paulo</subfield>
    <subfield code="b">Nova Cultural</subfield>
    <subfield code="c">1987</subfield>
  </datafield>
  <datafield tag="300" ind1=" " ind2=" ">
    <subfield code="a">356 p.</subfield>
  </datafield>
  <datafield tag="520" ind1=" " ind2=" ">
    <subfield code="a">The Fortunes &amp; Misfortunes of the Famous Moll Flanders (tamb&#xE9;m conhecido como Moll Flanders ) &#xE9; um romance de Daniel Defoe, publicado pela primeira vez em 1722. Ele pretende ser o relato verdadeiro da vida da hom&#xF4;nima Moll, detalhando suas fa&#xE7;anhas desde o nascimento at&#xE9; a velhice.

Em 1721, Defoe se tornou um romancista reconhecido, com o sucesso de Robinson Cruso&#xE9; em 1719. Seu trabalho pol&#xED;tico estava diminuindo neste ponto, devido &#xE0; queda dos l&#xED;deres do partido Whig e Tory com os quais ele estava associado (Robert Walpole estava come&#xE7;ando sua ascens&#xE3;o). Defoe nunca se sentiu totalmente em casa com o grupo Walpole. As vis&#xF5;es Whig de Defoe s&#xE3;o, no entanto, evidentes na hist&#xF3;ria de Moll. O t&#xED;tulo completo do romance d&#xE1; uma ideia disso e do esbo&#xE7;o do enredo: "As fortunas e infort&#xFA;nios da famosa Moll Flanders, etc., que nasceu em Newgate e, durante uma vida de cont&#xED;nua variedade por sessenta anos, al&#xE9;m da inf&#xE2;ncia, foi prostituta por doze anos, esposa cinco vezes (uma delas do pr&#xF3;prio irm&#xE3;o), ladra por doze anos, criminosa deportada por oito anos na Virg&#xED;nia, finalmente enriqueceu, viveu honestamente e morreu penitente. Escrito a partir de seus pr&#xF3;prios memorandos."</subfield>
  </datafield>
  <datafield tag="650" ind1=" " ind2="0">
    <subfield code="a">Literatura Inglesa</subfield>
    <subfield code="9">89</subfield>
  </datafield>
  <datafield tag="650" ind1=" " ind2="0">
    <subfield code="a">Experi&#xEA;ncia de vida</subfield>
    <subfield code="9">188</subfield>
  </datafield>
  <datafield tag="650" ind1=" " ind2="0">
    <subfield code="a">Amor e Paix&#xE3;o</subfield>
    <subfield code="9">25</subfield>
  </datafield>
  <datafield tag="650" ind1=" " ind2="0">
    <subfield code="a">Hist&#xF3;rico</subfield>
    <subfield code="9">53</subfield>
  </datafield>
  <datafield tag="650" ind1=" " ind2="0">
    <subfield code="a">Cl&#xE1;ssicos</subfield>
    <subfield code="9">77</subfield>
  </datafield>
  <datafield tag="650" ind1=" " ind2="0">
    <subfield code="a">Filme</subfield>
    <subfield code="9">26</subfield>
  </datafield>
  <datafield tag="655" ind1=" " ind2="0">
    <subfield code="a">Romance</subfield>
    <subfield code="9">23</subfield>
  </datafield>
  <datafield tag="655" ind1=" " ind2="0">
    <subfield code="a">Fic&#xE7;&#xE3;o </subfield>
    <subfield code="9">22</subfield>
  </datafield>
  <datafield tag="700" ind1=" " ind2=" ">
    <subfield code="a">Ant&#xF4;nio Alves Cury</subfield>
    <subfield code="e">Tradutor</subfield>
    <subfield code="9">348</subfield>
  </datafield>
  <datafield tag="942" ind1=" " ind2=" ">
    <subfield code="2">ddc</subfield>
    <subfield code="n">0</subfield>
    <subfield code="c">BK</subfield>
  </datafield>
  <datafield tag="952" ind1=" " ind2=" ">
    <subfield code="0">0</subfield>
    <subfield code="1">0</subfield>
    <subfield code="2">ddc</subfield>
    <subfield code="4">0</subfield>
    <subfield code="7">0</subfield>
    <subfield code="8">FIC</subfield>
    <subfield code="a">BIBIB</subfield>
    <subfield code="b">BIBIB</subfield>
    <subfield code="c">LE</subfield>
    <subfield code="d">1988-09-13</subfield>
    <subfield code="e">doa&#xE7;&#xE3;o</subfield>
    <subfield code="l">0</subfield>
    <subfield code="o">823 / D314m</subfield>
    <subfield code="p">2025-7772</subfield>
    <subfield code="r">2025-01-31 07:47:58</subfield>
    <subfield code="w">2025-01-31</subfield>
    <subfield code="y">BK</subfield>
  </datafield>
  <datafield tag="999" ind1=" " ind2=" ">
    <subfield code="c">189</subfield>
    <subfield code="d">189</subfield>
  </datafield>
</record>
